LEADER 00971nam0-22003011i-450- 001 990004361290403321 005 20050408095135.0 035 $a000436129 035 $aFED01000436129 035 $a(Aleph)000436129FED01 035 $a000436129 100 $a19990604d1977----km-y0itay50------ba 101 0 $afre 105 $ay-------001yy 200 1 $a<>FETES de la revolution$ecolloque de Clermont-Ferrand$ejuin 1974$factes recueillis et presentes par Jean Ehrard et Paul Viallaneix 210 $aParis$cSociete des etudes Robespierristes$d1977. 215 $a645 p.$d24 cm 225 1 $aBibliotheque d'histoire revolutionnaire. 3 serie$v17 676 $a394.26$v21$zita 702 1$aEhrard,$bJean$f<1926- > 702 1$aViallaneix,$bPaul 801 0$aIT$bUNINA$gRICA$2UNIMARC 901 $aBK 912 $a990004361290403321 952 $a394.26 EHR 1$bI.st.r.c.2181$fFLFBC 959 $aFLFBC 996 $aFETES de la revolution$9540100 997 $aUNINA LEADER 01261nam a2200313 i 4500 001 991000633979707536 008 041118s2003 gw a b 001 0 eng d 020 $a3540002758 035 $ab13249964-39ule_inst 040 $aDip.to Fisica$beng 082 0 $a523.75$221 084 $a52.9.521 084 $aLC QB529 245 00$aEnergy conversion and particle acceleration in the solar corona /$cKarl-Ludwig Klein (ed.) 260 $aBerlin ;$aNew York :$bSpringer,$cc2003 300 $ax, 319 p. :$bill. ;$c24 cm 440 0$aLecture notes in physics,$x0075-8450 ;$v612 504 $aIncludes bibliographical references and index 650 0$aParticle acceleration 650 0$aPlasma astrophysics 651 0$aSun$xCorona 700 1 $aKlein, Ludwig 711 2 $aCESRA Workshop and Euroconference Energy Conversion and Particle Acceleration in the Solar Corona$d<2001 ;$cSchloss Ringberg> 907 $a.b13249964$b09-03-22$c18-11-04 912 $a991000633979707536 945 $aLE006 52.9.52 KLE$g1$i2006000153522$lle006$op$pE66.95$q-$rl$s- $t0$u0$v0$w0$x0$y.i13941252$z18-11-04 996 $aEnergy conversion and particle acceleration in the solar corona$9376919 997 $aUNISALENTO 998 $ale006$b18-11-04$cm$da $e-$feng$ggw $h0$i0